LEADER 01644nam a2200361 u 4500 001 000000033204 003 CaOOAMICUS 005 20070226112334.0 008 971029s1988 it a u000 u ita u 035 $a10774747 040 $aPUL(R)$bita$dBAV 100 1 $aRicci, Giulio,$csac.$0(OLS)http://pul/name/25933 245 13$aIl Mandilion di Edessa e il Santo Volto di Genova :$bmistero svelato da una radiografia /$cMons. Giulio Ricci. 246 34$aSanto volto di Genova e il suo mistero nascosto: storia di una radiografia 260 $aRoma :$bCentro Romano di Sindonologia,$c1988. 300 $a107 p. ;$c24 cm 490 1 $aEmmaus 500 $aTit. di copertina: Santo volto di Genova e il suo mistero nascosto: storia di una radiografia. 600 04$aIesus Christus.$0(OLS)http://pul/subject/207 650 4$aSanta Sindone.$0(OLS)http://pul/subject/14358 830 0$aEmmaus.$0(OLS)http://pul/title/45728 850 $aPUL 852 $aPUL$W1$xSL Religione 1$y3$m9(1) F 58$j45627$nBK-PRI$b $qStampati$B45627$CPULBib$Z2$F45627 $H $81 941 1 $a8 960 $aCristologia$9207 960 $aCristologia$9207 960 $aGesł Cristo$9207 960 $aSacra Sindone$914358 960 $aSindonologia$914358 961 $aINV: 61904 996 $6245$aIl Mandilion di Edessa e il Santo Volto di Genova :$bmistero svelato da una radiografia$9(OLS)http://pul/title/45726 996 $6246$aSanto volto di Genova e il suo mistero nascosto: storia di una radiografia$9(OLS)http://pul/title/45727 996 $6260$aRoma :$bCentro Romano di Sindonologia$9(OLS)http://pul/publisher/61570 LEADER 00979nam a2200229 u 4500 001 000000077414 003 CaOOAMICUS 005 20070226123322.0 008 040203s1832 it af u000 u ita u 035 $a10983188 040 $aPUL(R)$bita 100 1 $aPaci, Giacomo Maria,$dn. 1798.$0(OLS)http://pul/name/47258 245 10$aSulla pretesa reazione dell'inerzia /$cmemoria del prof. Giacomo Ma Paci .. 250 $a2. ed. corretta, e notabilmente aumentata. 260 $aNapoli :$bdalla tip. del Tasso,$c1832. 300 $a68 p., [1] c. di tav. ripieg. :$bill. ;$c21 cm 650 4$aMeccanica.$0(OLS)http://pul/subject/26923 850 $aPUL 852 $aPUL$W1$xDP1 Antico 800$y27$m859 B 31$j99449$nBK-PRI$b $qStampati Antico$B99449$CPULBib$Z2$F99449 $H $81 941 1 $a15 996 $6245$aSulla pretesa reazione dell'inerzia$9(OLS)http://pul/title/101506 996 $6260$aNapoli :$bdalla tip. del Tasso$9(OLS)http://pul/publisher/75105